书目信息 |
| 题名: |
现代芦笋栽培理念及优化栽培技术
|
|
| 作者: | 叶劲松 主编 | |
| 分册: | ||
| 出版信息: | 北京 科学技术文献出版社 2016 |
|
| 页数: | 130页 | |
| 开本: | 21cm | |
| 丛书名: | ||
| 单 册: | ||
| 中图分类: | S644.6 | |
| 科图分类: | ||
| 主题词: | 石刁柏--shi diao bai--蔬菜园艺 | |
| 电子资源: | ||
| ISBN: | 978-7-5189-0918-6 | |
| 000 | 01114nam0 2200253 450 | |
| 001 | 012001002616 | |
| 005 | 20140101184046.0 | |
| 010 | @a978-7-5189-0918-6@dCNY26.00 | |
| 099 | @aCAL 012016047522 | |
| 100 | @a20160408d2016 em y0chiy50 ea | |
| 101 | 0 | @achi |
| 102 | @aCN@b110000 | |
| 105 | @aa z 000yy | |
| 106 | @ar | |
| 200 | 1 | @a现代芦笋栽培理念及优化栽培技术@Axian dai lu sun zai pei li nian ji you hua zai pei ji shu@f主编叶劲松 |
| 210 | @a北京@c科学技术文献出版社@d2016 | |
| 215 | @a130页@c彩图@d21cm | |
| 314 | @a叶劲松, 我国著名芦笋育种、栽培专家。中国芦笋产业协会常务副理事长, 中国园艺学会芦笋分会副理事长等。 | |
| 330 | @a本书主要介绍现代芦笋栽培理念, 芦笋高产栽培的十大关键技术, 北方温室芦笋栽培技术, 芦笋日光大棚避雨高产栽培技术, 以及国外现代芦笋栽培理念实感。本书旨在大力弘扬现代芦笋的栽培理念, 提高我国芦笋业界对现代芦笋栽培理念的认知, 改变陈旧的栽培方式。引导我国的芦笋产业从芦笋大国向芦笋强国转变。 | |
| 606 | 0 | @a石刁柏@Ashi diao bai@x蔬菜园艺 |
| 690 | @aS644.6@v5 | |
| 701 | 0 | @a叶劲松@Aye jin song@4主编 |
| 801 | 0 | @aCN@b北京卓展@c20191020 |
| 905 | @b1204081-4@dS644.6@e540@f4 | |
| 现代芦笋栽培理念及优化栽培技术/主编叶劲松.-北京:科学技术文献出版社,2016 |
| 130页:彩图;21cm |
| ISBN 978-7-5189-0918-6:CNY26.00 |
| 本书主要介绍现代芦笋栽培理念, 芦笋高产栽培的十大关键技术, 北方温室芦笋栽培技术, 芦笋日光大棚避雨高产栽培技术, 以及国外现代芦笋栽培理念实感。本书旨在大力弘扬现代芦笋的栽培理念, 提高我国芦笋业界对现代芦笋栽培理念的认知, 改变陈旧的栽培方式。引导我国的芦笋产业从芦笋大国向芦笋强国转变。 |
| ● |
| 相关链接 |
|
|
|
|
正题名:现代芦笋栽培理念及优化栽培技术
索取号:S644.6/540
 
预约/预借
| 序号 | 登录号 | 条形码 | 馆藏地/架位号 | 状态 | 备注 |
| 1 | 1204081 | 212040815 | 第二样本阅览室/ [索取号:S644.6/540] | 在馆 | |
| 2 | 1204082 | 212040824 | 第三借阅区/ [索取号:S644.6/540] | 在馆 | |
| 3 | 1204083 | 212040833 | 第三借阅区/ [索取号:S644.6/540] | 在馆 | |
| 4 | 1204084 | 212040842 | 第三借阅区/ [索取号:S644.6/540] | 在馆 |